Attention and schizophrenia : neurobiological bases /

Bibliographic Details
Main Author: Oades, Robert D.
Format: Book
Language:English
Published: Boston : Pitman Advanced Pub. Program, [1982]
Subjects:

MARC

Tag First Indicator Second Indicator Subfields
LEADER 00000pam a2200000 a 4500
001 in00000090865
005 20151008063803.0
008 810407s1982 maua b 00110 eng
010 |a  81004928  
020 |a 0273084909 :  |c $35.00 (est.) 
035 |a (OCoLC)07459970 
035 |9 AAK2928AM 
039 0 |a 2  |b 3  |c 3  |d 3  |e 3 
040 |a DLC  |c DLC  |d TXA  |d UtOrBLW 
049 |a TXAM  |c [387605] 
050 0 0 |a RC514  |b .O16 
060 0 |a WM 203 O11a 
082 0 |a 616.89/8207  |2 19 
100 1 |a Oades, Robert D. 
245 1 0 |a Attention and schizophrenia :  |b neurobiological bases /  |c Robert D. Oades. 
264 1 |a Boston :  |b Pitman Advanced Pub. Program,  |c [1982] 
264 4 |c ©1982 
300 |a 343 pages :  |b illustrations ;  |c 25 cm. 
336 |a text  |b txt  |2 rdacontent 
337 |a unmediated  |b n  |2 rdamedia 
338 |a volume  |b nc  |2 rdacarrier 
500 |a Includes index. 
504 |a Bibliography: pages 257-328. 
650 0 |a Schizophrenia  |x Physiological aspects. 
650 0 |a Attention  |x Physiological aspects. 
650 0 |a Neurophysiology  |x Psychological aspects. 
650 2 |a Schizophrenic Psychology. 
650 2 |a Attention. 
999 |a MARS 
999 f f |s d8cdc1f7-b412-3fcb-b294-6d6e0d8a287e  |i 87f5e491-ce07-3772-8a23-f33d77d46d3d  |t 0 
952 f f |p ric  |a Texas A&M University  |b Rellis Campus  |c Joint Library Facility  |d Remote Storage  |t 0  |e RC514 .O16  |h Library of Congress classification  |i unmediated -- volume  |m A14806230422 
998 f f |a RC514 .O16  |t 0  |l Remote Storage